Main Hero/Villain From Every Pixar Movie - Statistics

General Stats
  • This quiz has been taken 30 times
    12 since last reset
  • The average score is 17 of 60
Answer Stats
Hint Answer % Correct
Toy Story (Hero): Woody
100%
Toy Story 2 (Hero): Woody
100%
Toy Story 3 (Hero): Woody
100%
Toy Story 4 (Hero): Woody
100%
Cars (Hero): Lightning McQueen
67%
Cars 2 (Hero): Lightning McQueen
67%
Cars 3 (Hero): Lightning McQueen
67%
Monsters, Inc. (Hero): James Sullivan
50%
Toy Story 3 (Villain): Lotso
50%
The Incredibles (Hero): Mr. Incredible
50%
Toy Story (Villain): Sid Phillips
50%
Toy Story 2 (Villain): Stinky Pete the Prospector
50%
WALL-E (Hero): WALL-E
50%
WALL-E (Villain): AUTO
33%
Lightyear (Hero): Buzz Lightyear
33%
Up (Hero) Carl Fredricksen
33%
Up (Villain): Charles Muntz
33%
Finding Dory (Hero): Dory
33%
A Bug’s Life (Hero): Flik
33%
A Bug’s Life (Villain): Hopper
33%
Inside Out (Hero): Joy
33%
Inside Out (Villain): Joy
33%
Inside Out 2 (Hero): Joy
33%
Luca (Hero): Luca Paguro
33%
Finding Nemo (Hero): Marlin
33%
Brave (Hero): Merida
33%
Monsters University (Hero): Mike Wazowski
33%
Brave (Villain): Mor’du
33%
Ratatouille (Hero): Remy
33%
Inside Out 2 (Villain): Anxiety
17%
Ratatouille (Villain): Chef Skinner
17%
Cars (Villain): Chick Hicks
17%
Finding Nemo (Villain): Darla Sherman/Dr. Philip Sherman
17%
Incredibles 2 (Hero): Elastigirl
17%
Elio (Hero): Elio Solis
17%
Elemental (Hero): Ember Lumen
17%
Coco (Villain): Ernesto de la Cruz
17%
Incredibles 2 (Villain): Evelyn Deavor
17%
Monsters, Inc. (Villain): Henry Waternoose III
17%
Cars 3 (Villain): Jackson Storm
17%
Monsters University (Villain): Johnny Worthington III
17%
Turning Red (Hero): Meilin Lee
17%
Coco (Hero): Miguel Rivera
17%
The Incredibles (Villain): Syndrome
17%
Lightyear (Villain): Zurg
17%
The Good Dinosaur (Hero): Arlo
0%
Onward (Villain): Curse Dragon
0%
Luca (Villain): Ercole Visconti
0%
Toy Story 4 (Villain): Gabby Gabby
0%
Elemental (Villain): Gale Cumulus/Bernie Lumen
0%
Finding Dory (Villain): Giant Squid
0%
Onward (Hero): Ian Lightfoot
0%
Soul (Hero): Joe Gardner
0%
Elio (Villain): Lord Grigon
0%
Hoppers (Hero): Mabel Tanaka
0%
Turning Red (Villain): Ming Lee
0%
Cars 2 (Villain): Sir Miles Axlerod
0%
Soul (Villain): Terry
0%
The Good Dinosaur (Villain): Thunderclap
0%
Hoppers (Villain): Titus
0%
No matching quizzes found
Score Distribution
Percent of People with Each Score
Percentile by Number Answered
Your Score History
You have not taken this quiz since the last reset